Random Hiragana practice - Statistics

General Stats
  • This quiz has been taken 1,173 times
    912 since last reset
  • The average score is 14 of 20
Answer Stats
Hiragana Answer % Correct
Ku
91%
E
90%
Mo
86%
I
85%
N
85%
Su
85%
Tsu
84%
A
82%
Ka
82%
Ki
81%
U
80%
No
79%
Ga
78%
Ta
77%
Ya
77%
O
76%
To
76%
Ko
75%
Sa
75%
Chi
74%
Te
74%
He
73%
Ji
73%
Mi
73%
Ri
73%
Ro
73%
Se
73%
So
73%
Za
73%
Zu
73%
Ni
72%
Yu
72%
Fu
71%
Gu
71%
Ha
71%
Ma
71%
Ru
71%
Wa
71%
Mu
70%
Me
68%
Ra
68%
Re
67%
Yo
67%
Ze
67%
Bu
66%
De
66%
Ge
66%
Ne
66%
Nu
66%
Go
65%
Hi
65%
Ho
65%
Na
65%
Wo
65%
Zo
64%
Ba
63%
Bi
63%
Do
63%
Ji
63%
Ke
63%
Pe
63%
Pi
63%
Pu
63%
Gi
62%
Be
61%
Pa
61%
Da
59%
Po
58%
Bo
57%
Zu
48%
Si
40%
No matching quizzes found
Score Distribution
Percent of People with Each Score
Percentile by Number Answered
Your Score History
You have not taken this quiz since the last reset